000 01310cam a2200373 a 4500
001 16814213
003 OSt
005 20140310182859.0
008 110608s2010 ph a 000 0 tgl
010 _a 2011308173
020 _z9789719500109
040 _aDLC
_cDLC
_dDLC
041 0 _atgl
_aeng
042 _alcode
_apcc
043 _aa-ph---
050 0 0 _aHD 8717.B45
_b.G922 2010
082 _aFIL 331.8733092
_b.G922 2010
245 0 0 _aKa Bel
_bmga liham
_cGuda, Kenneth Roland A.
260 _aQuezon City, Philippines
_bCrispin B. Beltran Resource Center
_cc2010
300 _a153 p.
_bill. (some col.)
_c18 cm.
520 _aCollection of the letters of militant lawmaker and labor leader Crispin Beltran to his family, friends, and comrades.
521 _aCollege Student
526 _c1210L-1700L
541 _j1
546 _aIn Tagalog, and some articles in English.
562 _eFor circulation. 1 copy available in the collection
600 1 0 _aBeltran, Crispin,
_d1933-2008
_vCorrespondence.
650 0 _aLabor leaders
_zPhilippines
_vCorrespondence.
650 0 _aLabor unions
_zPhilippines.
700 1 _aGuda, Kenneth Roland A.
906 _a7
_bcbc
_corigode
_d3
_encip
_f20
_gy-gencatlg
942 _2lcc
_cBK
_kFIL
999 _c17077
_d17077